Statistics for Ivy League Universities - Map Quiz

Click here to take the quiz!

General Stats

  • This quiz has been taken 152 times
  • The average score is 7 of 8

Answers on the Map

Answers color-coded by a green-red scale on the quiz's map according to % correct below.
 

Answer Stats

Answer% Correct
Harvard University
90%
Columbia University
85%
University of Pennsylvania
85%
Dartmouth College
83%
Yale University
83%
Princeton University
81%
Cornell University
78%
Brown University
77%

Score Distribution

Percentile by Number Answered

Percent of People with Each Score

Your Score History

You have not taken this quiz